000 01013cam a22003377a 4500
003 CHAP
005 20220329142249.0
008 000407d1999 mx a r 00010 spa d
010 _a80752
011 _a81724
020 _a9682807
035 _a92201
040 _cCHAP
082 0 4 _a530
_bH4Y 1997
100 0 0 _aHewitt, Paul G.
_955102
245 1 0 _aFísica conceptual
_c/por G. Paul Hewitt
260 _aMéxico, D. F. :
_bTrillas,
_c1999.
300 _a692 p. :
_bilus.
490 0 _aSerie AWLI
500 _aTrad. de : Conceptual physics. 3ed. de 1997
590 _aBATCH-UPD
_b10
_c20130110
_lUCH01
_h0450
590 _aBATCH-UPD
_b10
_c20130410
_lUCH01
_h0128
590 _aBATCH-UPD
_b10
_c20130914
_lUCH01
_h1422
590 _aCONVERSION
_b10
_c20130109
_lUCH01
_h1345
650 1 4 _aFísica.
_941975
830 0 0 _aSerie AWLI
_9104603
901 _aBK
905 _aLilia Sánchez G.
942 _cLIBRO
949 _a530 H4Y 1997
_bBC
_cLIBRO
_d33724002011248
_eLIBRO
_gI.203239
_h97694
_i92201
_so
_t$124.00
999 _c80752
_d80752